Principles of macroeconomics (Record no. 41)

MARC details
000 -LEADER
fixed length control field 00464 a2200181 4500
001 - CONTROL NUMBER
control field 001558
003 - CONTROL NUMBER IDENTIFIER
control field OSt
005 - DATE AND TIME OF LATEST TRANSACTION
control field 20211102120649.0
008 - FIXED-LENGTH DATA ELEMENTS--GENERAL INFORMATION
fixed length control field
082 ## - DEWEY DECIMAL CLASSIFICATION NUMBER
Classification number 338.5
Item number R15P
100 1# - MAIN ENTRY--PERSONAL NAME
Personal name Rangarajan, C.
245 1# - TITLE STATEMENT
Title Principles of macroeconomics
Statement of responsibility, etc by C. Rangarajan and B.H. Dholakia
260 ## - PUBLICATION, DISTRIBUTION, ETC. (IMPRINT)
Place of publication, distribution, etc New Delhi
Name of publisher, distributor, etc Tata McGraw Hill
Date of publication, distribution, etc 2009
300 ## - PHYSICAL DESCRIPTION
Extent 223p.
690 ## - LOCAL SUBJECT ADDED ENTRY--TOPICAL TERM (OCLC, RLIN)
Topical term or geographic name as entry element Macroeconomics
700 ## - ADDED ENTRY--PERSONAL NAME
Personal name Dholakia, B.H.
942 ## - ADDED ENTRY ELEMENTS (KOHA)
Source of classification or shelving scheme Dewey Decimal Classification
Koha item type Books
Holdings
Withdrawn status Lost status Source of classification or shelving scheme Damaged status Not for loan Collection code Home library Current library Date acquired Source of acquisition Cost, normal purchase price Total Checkouts Full call number Barcode Date last seen Date checked out Price effective from Koha item type
    Dewey Decimal Classification     General Text Book Central University Of Rajasthan Central University Of Rajasthan 28/09/2010 ECO 175.00 1 338.5 R15P 1550 28/08/2023 21/07/2023 02/09/2020 Books